[Event "41. Olympiad Open 2014"]
[Site "Tromso NOR"]
[Date "2014.08.05"]
[Round "4.3"]
[White "Markus, Robert"]
[Black "Hracek, Zbynek"]
[Result "1-0"]
[WhiteElo "2602"]
[BlackElo "2634"]
[EventDate "2014.08.02"]
[Annotator "Vokac,Marek"]
[PlyCount "111"]
[WhiteTeam "SRB"]
[BlackTeam "CZE"]
[WhiteTeamCountry "SRB"]
[BlackTeamCountry "CZE"]

1. d4 Nf6 2. c4 e6 3. Nf3 b6 4. g3 Bb7 5. Bg2 Be7 6. O-O O-O 7. Nc3 Ne4 8.
 Bd2 Bf6 9. Rc1 d6 10. d5 Nxd2 11. Qxd2 Bxc3 12. Rxc3 e5 13. b4 a5 14. a3 
Nd7 15. Rb1 Qe7 16. Ne1 Ra7 17. Nc2 Rfa8 18. h4 Bc8 19. e4 h5 20. Bf3 g6 
21. Qh6 axb4 22. axb4 Ra2 23. Ne3 Qf6 24. Nf1 Qg7 25. Qg5 Qf6 26. Qh6 R8a3
!? {ÄŒerný cítí, Å¾e by bÄ›lopolný stÅ™elec bílého mohl pÅ™edstavovat 
problém a vyhýbá se moÅ¾nému opakování tahÅ¯. NÄ›kde zde se zaÄ�ala rodit 
pozdÄ›jÅ¡í katastrofa, Ä�erný zaÄ�al myslet na celý bod.} 27. Qe3 Ra8 28. 
Rbb3 Kg7 29. Ra3 Bb7 30. Rxa8 Rxa8 31. Ra3 Qd8 32. Qc1 Qb8?! ( 32. ... 
Rxa3 33. Qxa3 Qa8 =, quiet ) 33. Ne3 {UÅ¾ zde nabízí Rybka pÅ™epadový 
útok} ( 33. Rxa8 Qxa8 34. Bxh5! gxh5 35. Qg5+ Kf8 ( 35. ... Kh8 36. Qxh5+ 
Kg8 37. Qg4+ Kf8 38. Qxd7 +- ) 36. Ne3! +- {Ä�erný král je pozoruhodnÄ› 
bezbranný, jeho figury mu nemohou pÅ™ijít na pomoc. ÄŒerný oÄ�ividnÄ› o 
tomto taktickém motivu nÄ›mÄ›l pÅ™i nedostatku Ä�asu tuÅ¡ení, bílý si 
jeÅ¡tÄ› netroufal.} ) 33. ... Rxa3 34. Qxa3 Bc8?? {Jejejej. V Ä�asové 
tísni pÅ™ehlíÅ¾í ZbynÄ›k pÅ™epadový útok, který navíc svým posledním tahem
umoÅ¾nil.} ( 34. ... Qa8 =, quiet {je myslím dost spolehlivá cesta k 
remíze. Je i Å™ada jiných tahÅ¯ k rovnováze, jen ne ten tím stÅ™elcem.} ) 
35. Bxh5! {Z niÄ�eho nic smotané Ä�erné figury nestíhají králi pÅ™ijít 
vÄ�as na pomoc.} 35. ... gxh5?! ( 35. ... Nf6 +/- {je asi lepÅ¡í, ale bez 
pÄ›Å¡ce to není pÅ™íliÅ¡ perspektivní hra. ZbynÄ›k si to v Ä�asovce 
radÄ›ji nechá ukázat.} ) 36. Nf5+ Kg8 37. Qe3 Nf8 ( 37. ... Ba6 38. Qg5+ 
Kf8 39. Qxh5 Ke8 40. Qg5 Kf8 ( 40. ... Qd8 41. Ng7+ +- ) 41. Qg7+ Ke8 42. 
Nh6 +- ) 38. Qg5+ Ng6 39. Qd8+ {Rozhodující Å¡ach.} 39. ... Nf8 40. Qxc8 {
ílý by mohl hrát i na útok po} ( 40. g4!? +- {, ale volí jistotu jezdcovky
s pÄ›Å¡cem více.} ) 40. ... Qxc8 41. Ne7+ Kg7 42. Nxc8 f5 {Na pÄ›Å¡ce c7 
je smutný pohled, bránit jde jen králem, ale kdo pak bude zastavovat 
bílé pÄ›Å¡ce? ÄŒerný jeÅ¡tÄ› zkouÅ¡í koncovku zamotat, ale bojuje za 
ztracenou vÄ›c.} 43. exf5 Kf6 44. f3 Kxf5 45. Kf2 e4 46. Ne7+! Kf6 47. Nc6
exf3 48. Kxf3 Kf5 ( 48. ... Nd7 49. g4 hxg4+ 50. Kxg4 Kg6 51. h5+ Kf6 52. 
Kf4 +- ) 49. Nd4+ Ke5 50. Nb5 Nd7 51. Nxc7 Kf5 52. Nb5 Ne5+ 53. Ke3 Nf7 ( 
53. ... Nxc4+ 54. Kd4 Nd2 55. Nxd6+ Kg6 56. Nc8 +- ) 54. Kd4 Kg4 55. Nxd6 
Nxd6 56. c5 {Tohle koník neuskáÄ�e.} ( 56. c5 bxc5+ 57. bxc5 Nb5+ 58. Ke5 
+- ) 1-0

[Event "41. Olympiad Open 2014"]
[Site "Tromso NOR"]
[Date "2014.08.05"]
[Round "4.4"]
[White "Petr, Martin"]
[Black "Sedlak, Nikola"]
[Result "0-1"]
[WhiteElo "2530"]
[BlackElo "2554"]
[EventDate "2014.08.02"]
[Annotator "Vokac,Marek"]
[PlyCount "70"]
[WhiteTeam "CZE"]
[BlackTeam "SRB"]
[WhiteTeamCountry "CZE"]
[BlackTeamCountry "SRB"]

1. e4 e6 2. d4 d5 3. Nd2 c5 4. exd5 Qxd5 5. Ngf3 cxd4 6. Bc4 Qd6 7. O-O 
Nf6 8. Nb3 Nc6 9. Nbxd4 Nxd4 10. Nxd4 a6 11. Re1 Qc7 12. Qe2 Bd7 13. Bg5 
O-O-O 14. c3 Bd6 15. h3 Kb8 16. a4 Rc8 17. Bb3 Bh2+ 18. Kh1 Bf4 19. Bxf4 
Qxf4 20. Nf3 {Mám jisté pochybnosti, jestli se dá v této variantÄ› 
bílými nÄ›co ze zahájení vytÄ›Å¾it i po snad pÅ™esnÄ›jÅ¡ím} ( 20. Rad1 
Rhd8 21. Rd3!? {, koncovka, do které bílý míÅ™í, vypadá jako jasná 
remíza.} ) 20. ... Rhd8 21. Ne5 Be8 22. Rad1 Rxd1 23. Rxd1 Qe4 24. Qxe4 
Nxe4 25. Nd3 {ZaÄ�íná se ukazovat, Å¾e by pÄ›Å¡ec a4 mohl pÅ™edstavovat 
problém.} 25. ... Rd8 26. Kg1 Kc7 27. f3? {Bílý si bohuÅ¾el v poklidném 
toku partie neuvÄ›domil, Å¾e vznikla taktická hrozba. Mohl ji snadno 
pokrýt tÅ™eba tahem} ( 27. Bc2 =, quiet ) 27. ... Rxd3! 28. Rxd3 Nc5 29. 
Bc2 Nxd3 30. Bxd3 Bxa4 31. Bxh7 {Letmým pohledem to vypadá, Å¾e se 
vlastnÄ› nic nestalo, ale bílý nyní prohraje pÅ™esnÄ› stejným zpÅ¯sobem 
jako Fischer v památné úvodní partii zápasu o titul mistra svÄ›ta se 
Spasským. Fischer ovÅ¡em tehdy bral na h2 dobrovolnÄ›.} 31. ... g6 32. h4 
Kd6 33. g4 {Ubránit stÅ™elcovku bez pÄ›Å¡ce po} ( 33. h5 gxh5 {myslím 
také nepÅ¯jde. Zkusit by se to ale asi mÄ›lo.} ) 33. ... Ke7 ( 33. ... Ke5
! 34. g5 Kf4 35. Bg8 Be8 36. Kf2 +- ) 34. h5? ( 34. g5!? Kf8 ( 34. ... e5!
35. Kf2 Kf8 36. h5 Kg7 ) 35. h5 Kg7 ( 35. ... gxh5 -/+ ) 36. Bxg6 fxg6 37.
 h6+ {je zajímavá idea, která by mohla výhru Ä�ernému zkomplikovat, ale 
Ä�erný mÅ¯Å¾e jednoduÅ¡e na h5 sebrat a hrát znovu s pÄ›Å¡cem více.} ) 
34. ... Kf6! {V tom je ten problém. Bílý stÅ™elec z pasti neunikne.} 35. 
h6 Kg5 ( 35. ... Kg5 36. Bg8 Kxh6 37. Bxf7 Bd7! {Tak zaklapne past i pÅ™i 
jiných pokusech bílého.} 38. Kf2 Kg7 -+ ) 0-1

[Event "41. Olympiad Tromso 2014"]
[Site "Tromso NOR"]
[Date "2014.08.05"]
[Round "4.1"]
[White "Bjerke, Silje"]
[Black "Havlikova, Kristyna"]
[Result "1/2-1/2"]
[WhiteElo "2189"]
[BlackElo "2215"]
[EventDate "2014.08.02"]
[Annotator "Vokac,Marek"]
[PlyCount "75"]
[WhiteTeam "NOR"]
[BlackTeam "CZE"]
[WhiteTeamCountry "NOR"]
[BlackTeamCountry "CZE"]

1. e4 c5 2. Nf3 Nc6 3. d4 cxd4 4. Nxd4 g6 5. c4 Nf6 6. Nc3 Nxd4 7. Qxd4 d6
8. Bg5 Bg7 9. Qd2 O-O 10. Bd3 Be6 11. O-O Re8 12. Rac1 Rc8 13. b3 Qa5 14. 
Bb1 a6 15. Nd5 Qxd2 16. Nxf6+ Bxf6 17. Bxd2 g5 =, quiet 18. Be3 h6 19. Bd3
Bb2 20. Rc2 Ba3 21. Bd2 b5 22. cxb5 Rxc2 23. Bxc2 axb5 24. Bd3 Bd7 25. b4
?! Bb2 26. Rb1 Bd4 27. Rc1 Ra8 28. Rc2 Ra3 =+ 29. Bf1 Ra7 30. g3 d5!? {
Zajímavý nápad, ale soupeÅ™ku myslící od poÄ�átku spíÅ¡e na remízu to 
nerozhodí. TrpÄ›livÄ›jÅ¡í procedura nejdÅ™íve vyjít králem na f6 a poté 
hledat cestu ke slabinám na dámském kÅ™ídle a k poli f2 by mohla mít 
vÄ›tÅ¡í Å¡anci na úspÄ›ch.} 31. exd5 Bf5 32. Rc1 Rxa2 33. Be3 Bxe3 34. 
fxe3 Be4 35. Rc5 Ra1 36. Kf2 Ra2+ 37. Kg1 Ra1 {ÄŒerný má jen opakování 
tahÅ¯.} 38. Kf2 1/2-1/2

[Event "41. Olympiad Tromso 2014 Open"]
[Site "TromsøÂ¸"]
[Date "2014.08.05"]
[Round "4"]
[White "Vachier-Lagrave, Maxime"]
[Black "Mamedyarov, Shakhriyar"]
[Result "0-1"]
[WhiteElo "2768"]
[BlackElo "2743"]
[EventDate "2014.??.??"]
[Annotator "Marin,Mihail"]
[PlyCount "96"]
[EventCountry "NOR"]
[WhiteTeam "Frankreich"]
[BlackTeam "Aserbeidschan"]
[WhiteTeamCountry "FRA"]
[BlackTeamCountry "AZE"]

1. Nf3 Nf6 2. g3 g6 3. Bg2 Bg7 4. c4 O-O 5. d4 d6 6. Nc3 Nbd7 7. O-O e5 8.
 e4 exd4 {I have always felt a great relief when facing this move over the
board. By giving up the tension so soon, Black simplifies White's choice 
of plans. And in order to occupy the "weak" d4-square, Black needs a lot 
of cooperation from White's part.} ( {I find} 8. ... c6 9. h3 Qb6 {
favoured by Tal, Fischer and Kasparov, more challenging.} ) 9. Nxd4 Re8 
10. h3 a6 {Very straightforward. Black intends to prepare ...b7-b5. But 
the last move is also very committal and White has all the time he needs 
to take preventive measures.} 11. Re1 Rb8 12. Rb1 Ne5 13. Bf1 {Played 
after 18 minutes, this rare move kind of puzzles me. The bishop retreat 
does not prevent Black's queenside expansion in any way. Later, White will
need spending another tempo on returning with the bishop on the long 
diagonal.} ( {I have always played} 13. b3 {, with a stable advantage each
time. The main point is that} 13. ... c5 14. Nc2 b5 15. f4 {loses either 
the d6-pawn or, if} 15. ... Nc6?! {a piece to} 16. e5 {I may have to check
everything again... A good area for investigating in CBM 162!} ) 13. ... 
c5 14. Nc2 b5 15. cxb5 axb5 16. b4 {Practically admitting the failure of 
his initial plans. Vachier might have thought he could take on b5 
unpunished, but in view of the hanging h3-pawn, the weak f3-square and the
possibility of a central break with ... d6-d5, White'd underdeveloped army
would be in big danger.} 16. ... c4 {The f1-bishop is just passive now.} 
17. Nd4 d5! {The most energetical way to take over the initiative. WHite 
is in big trouble already.} 18. Bg5 dxe4 19. Nxe4 Bb7 20. Bg2 Bxe4 21. 
Rxe4 Qb6 22. Bxf6 Bxf6 23. Qe2 Re7 24. Nc2 Rd8 25. Re1 Rdd7 26. Ne3 Kg7 {
[#]To a certain extent, the position looks symmetrical, but Black has a 
huge advantage. The c4-pawn is much stronger than the a2-pawn and the 
control over the d3-square offers hopes for setting up a global 
domination.} 27. Rd1 Nd3?! {This offers WHite chances to kick for his 
life. Let us remember the moment of Carlsen's Be3-h6 from theprevious 
game. It is good, of course, to occupy a good square with the knight (f4 
and d3, respectively), but it would be better not to obstruct any of our 
pieces!} ( 27. ... Rd3 {followed by ...Qd6} ) ( {or} 27. ... Qd8 {planning
...Rxd1 followed by . ..Rd7 would have been more convincing.} ) 28. a4 {At
last some white activity.} 28. ... Rxe4 29. Bxe4 Rd4 {Black has finally 
occupied this square, meaning that White has really provided some help. 
The last move attacks the bishop and over-defends c4, threatening ...bxa4.
} 30. a5 Qd6 31. Qg4 {And now he strikes on the opposite wing.} 31. ... 
Kh6 32. Nc2 {[#] With his rook trapped in the centre, it almost looks as 
if Black had been tricked, but...} 32. ... Nxf2! {The start of a 
spectacular mutuaal blows.} 33. Rxd4 Bxd4 34. Qh4+ Kg7 {And now, we should
not hurry to call it a day the other way around...} 35. Bxg6! {Hitting h7 
and d4 simultaneously.} 35. ... Ng4+ 36. Kf1 hxg6 37. Nxd4 Qxd4 38. Qxg4 
Qd3+ {[#]It may seem that the worse is off for White. In queen endings the
pawn number is less relevant than the rank of the passed pawns. Isn't the 
a5-pawn just as good as the c4-pawn? Well, almost, because a third element
interfers, the king's safety. Thisdetail alone, clearly favouring Black, 
decides the game.} 39. Qe2 ( {If} 39. Kf2 c3 {Black would soon deliver 
mate witb four queens on board.} ) 39. ... Qxg3 40. a6 Qxh3+ {The pawns 
are not that important, but their absence is... There is no shelter 
avalable for the king.} 41. Kg1 Qg3+ 42. Kf1 Qc3 43. Qa2 Qh3+ 44. Kg1 c3 
45. Qa1 ( {White had no time for advancing his pawn:} 45. a7 Qe3+ 46. Qf2 
( 46. Kf1 Qc1+ 47. Ke2 c2 ) ( 46. Kg2 Qd2+ 47. Qxd2 cxd2 ) 46. ... Qxf2+ 
47. Kxf2 c2 48. a8=Q c1=Q {We have transposed to another queen ending 
without any counterplay for White. And the extra pawns finally do count!} 
) 45. ... Qg4+ 46. Kf1 Qf3+ 47. Kg1 Qe3+ 48. Kf1 Kh7 ( 48. ... Kh7 {
Unpinning the pawn. If} 49. Qa2 Qc1+ 50. Ke2 Qb2+ {with a familiar 
transposition to a simple pawn and then again queen ending.} ) 0-1

[Event "41. Olympiad Tromso 2014 Open"]
[Site "TromsøÂ¸"]
[Date "2014.08.05"]
[Round "4"]
[White "Carlsen, Magnus"]
[Black "Wojtaszek, Radoslaw"]
[Result "1-0"]
[WhiteElo "2877"]
[BlackElo "2735"]
[EventDate "2014.??.??"]
[Annotator "Marin,Mihail"]
[PlyCount "65"]
[EventCountry "NOR"]
[WhiteTeam "Norwegen"]
[BlackTeam "Polen"]
[WhiteTeamCountry "NOR"]
[BlackTeamCountry "POL"]

1. e4 {For a moment, this move made me curious: will we see a fierce 
theoretical dispute in the Najdorf?!} 1. ... c5 2. Nc3 {Not really! Just 
some complex positional struggle with mobile pawn chains and all pieces on
board. In the '60s, the closed Sicilian used to be a deadly weapon in 
Spassky's hands. Players like Geller and Larsen (the latter also with 
reversed colours, 1.c4 e5) were crushed during Spassky's campaigns for the
World title.} 2. ... d6 ( {The man who did find an antidote to Spassky's 
way of treatment of the Sicilian was Viktor Kortschnoj. During their 1968 
Candidates final he twice answered} 2. ... e6 {followed by ...d7-d5. Black
had some light pressure in both games but they ended in draws. In order to
win the match, Spassky found no other solution than... winning with black 
and switching to 1. d4 when playing with white. It remains an open 
question what would Carlsen do against 2...e6. True, he twice faced this 
move, but this happened in 2002 when he was rated 2171...} ) 3. g3 Nc6 4. 
Bg2 g6 5. d3 Bg7 6. Be3 e5 {[#]Black adopts Botvinnik's English triangle 
with reversed colours, a system I had praised in my comments to the first 
round. I have to operate a small correction: the system is good unless you
face Carlsen. But does this not apply for any other opening?!} 7. Nh3 {
This way of developing the knight was also one of Spassky's favourites. I 
must confess that when following Carlsen's play I have every time the 
temptation to compare him with another World Champion from the past: now 
Fischer, later Lasker, but today we surely have Boris Vassilievich in the 
background. On more concrete terms, what could be the great idea behind 
the last move? Shouldn't the knight (after f2-f4) go to f3, controling the
important central d4- and e5-squares? Actually, it would be of little use 
to put pressure on such well defended squares, so it is a good idea to be 
heading for the only weakness in Blck's setup, the d5-square. After the 
planned f2-f4, the perspective of a knight jump to f4-d5 somwehat 
restricts Black's options.} 7. ... Nge7 8. f4 Nd4 {Since the knight will 
be forced to retreat after only four movs, this looks like a mere loss of 
time.} ( {But Black must have feared that after the natural} 8. ... O-O {
hite would carry out the thematic attack} 9. f5 gxf5 10. Qh5 Nd4 11. O-O-O
{(which, under slightly difficult circumstances occurred in some of 
Spassky's games, too!) Black is under no immediate threats, but the 
weakness of the light squares and of his king's position may accumulate 
into a promising positional white attack.} ) 9. O-O O-O 10. Qd2 Bd7 11. 
Nd1! {A multi-purpose move. White prepares to expell the d4-knight and to 
consolidate his h3-knight at the same time.} 11. ... Qc8 12. Ndf2 Ndc6 13.
 c3 {[#]} 13. ... b5 ( {One rule I knew as a kid is that if there is some 
tesnion in the centre Black should consolidate his c5-pawn with} 13. ... 
b6 {In this concrete position, the idea would be meeting} 14. fxe5 {with} 
14. ... dxe5 {, preventing the radical activation of the h3-knight.} ) 14.
 fxe5! Nxe5 15. Bh6 {The most precise move order. Such a positive move as 
Nh3-f4 should not obstruct the bishop. Besides, exchanging the g7-bishop 
will weaken the kingside and turn Black's queenside counter-attack into 
something similar to an infantery assault without the support of the 
artilery.} 15. ... N7c6 16. Bxg7 Kxg7 17. Nf4 Qd8 {After the bishop 
exchange, it looks natural to return with the queen on dark squares, for 
both defensive and offensive purposes. But I cannot help comparing the two
rival Majesties, suggesting an advantage for the white queen. From d2, it 
also controls dark squares on both wings, but it does not prevent the 
rooks' connection!} 18. Rad1 Rc8 19. Qe2 {Controlling the g4square and 
taking the queen out of the e5-knight's range (d3-d4, ...Nc4) in order to 
prepare the central expansion.} 19. ... h5?! {The final phase of the game 
induces the thought that Black should have abstained himself from this 
weakening of the kingside.} 20. d4 cxd4 21. cxd4 Ng4 22. h3 Nxf2 23. Qxf2 
{[#]White's progress over the past moves is obvious, while for Black it 
remains difficult to formulate a coherent plan.} 23. ... Ne7 24. Rd3! {
With thecentre firmly in White's hands, such rook lifts tend to be rather 
annoying. But, ironically, this move would not have been possible had 
Black not occupied the b5-square with the pawn!} 24. ... b4 {The threat 
...Bb5 arrives too late. Things will start happening on the kingside.} 25.
 Rf3 Qe8 ( {Black needs to spend a tempo on over-defending f7, since} 
25. ... Bb5? {would allow the decisive blow} 26. Nxh5+! ) 26. g4! {Wit the
black pawn on h7, this would hve been just a way to increase the 
positional domination by blocking the enemy structure with g4-g5. But the 
way it is, the open file will be opened, with fatal consequences for 
Black.} 26. ... hxg4 27. hxg4 Bb5 ( 27. ... Bxg4 {would just open another 
file for White's attack:} 28. Rg3 Qd7 29. Bh3! {Attacking the main 
defender of the g-file.} 29. ... f5 ( 29. ... Bxh3 30. Nh5+ {is curtains.}
) 30. d5 {with such threats as Qd4+ and Ne6+.} ) 28. Re1 Qd8 {This queen 
surely has moved a lot. And it did it ith short steps, as if it was the 
least mobile piece on board, the king.} 29. g5 Qb6? {The first relatively 
long queen move loses by force, but it is hard to give an advice for 
Black. Apart from the game manoeuvre he threatens Rh3 with combined 
threats along the h-file and on f6.} 30. Bh3 Rcd8 {[#]} 31. Be6 {Quite a 
nasty visit!} 31. ... Be8 32. Nd5 ( 32. Rh3 {with the threat Nh5+ followed
by Qf6+ and Rxh5 is more spectacular. Had Black retreated his rook on b8 
rather than d8, this might have been Carlsen's choice. But with the 
d8-square unavailable to the black queen, his solution is simple and 
effective.} ) 32. ... Nxd5 33. Bxd5 {Black resigned... in what looks a 
"normal" position. It would be so with the h-file closed. Under the given 
circumstances, the threat Rh3 followed by Qf6+ is decisive.} 1-0